[Event "Torneo de Navidad Base y Senior - Casino Primitivo"]
[Site "Calle Maestra 3 (Palacio de Cultura) - Jaén, Spain"]
[Date "2023.12.16"]
[Round "3.2"]
[White "Gamez Lara, Cesar Julio"]
[Black "Castillo Gallego, Sergio"]
[Result "1-0"]
[TimeControl "10´ + 5\""]
[WhiteFideId "54506107"]
[BlackFideId "2202034"]
[WhiteElo "1692"]
[BlackElo "2100"]

1. e4 {[%clk 00:10:07]} {[%emt 00:00:02]} e5 {[%clk 00:10:08]} {[%emt
00:00:02]} 2. Nf3 {[%clk 00:10:11]} {[%emt 00:00:01]} Nc6 {[%clk 00:10:12]}
{[%emt 00:00:01]} 3. Bc4 {[%clk 00:10:14]} {[%emt 00:00:03]} Nf6 {[%clk
00:10:14]} {[%emt 00:00:02]} 4. d3 {[%clk 00:09:56]} {[%emt 00:00:23]} h6
{[%clk 00:10:17]} {[%emt 00:00:02]} 5. c3 {[%clk 00:09:54]} {[%emt 00:00:08]}
g6 {[%clk 00:10:17]} {[%emt 00:00:04]} 6. b4 {[%clk 00:09:05]} {[%emt
00:00:54]} d6 {[%clk 00:10:09]} {[%emt 00:00:13]} 7. h3 {[%clk 00:09:06]}
{[%emt 00:00:04]} Bg7 {[%clk 00:10:12]} {[%emt 00:00:02]} 8. Qb3 {[%clk
00:08:02]} {[%emt 00:01:09]} O-O {[%clk 00:10:11]} {[%emt 00:00:06]} 9. O-O
{[%clk 00:07:53]} {[%emt 00:00:14]} a5 {[%clk 00:09:41]} {[%emt 00:00:36]} 10.
Be3 {[%clk 00:07:06]} {[%emt 00:00:52]} Qe7 {[%clk 00:07:39]} {[%emt 00:02:06]}
11. Nbd2 {[%clk 00:06:39]} {[%emt 00:00:32]} Nh5 {[%clk 00:06:52]} {[%emt
00:00:52]} 12. b5 {[%clk 00:06:35]} {[%emt 00:00:09]} a4 {[%clk 00:06:50]}
{[%emt 00:00:07]} 13. Qa3 {[%clk 00:05:24]} {[%emt 00:01:17]} Nd8 {[%clk
00:05:48]} {[%emt 00:01:07]} 14. d4 {[%clk 00:04:42]} {[%emt 00:00:47]} Qf6
{[%clk 00:04:59]} {[%emt 00:00:53]} 15. d5 {[%clk 00:04:13]} {[%emt 00:00:35]}
Nf4 {[%clk 00:04:30]} {[%emt 00:00:34]} 16. Kh2 {[%clk 00:03:41]} {[%emt
00:00:36]} g5 {[%clk 00:04:27]} {[%emt 00:00:08]} 17. Ne1 {[%clk 00:02:24]}
{[%emt 00:01:22]} b6 {[%clk 00:04:25]} {[%emt 00:00:08]} 18. Rg1 {[%clk
00:01:26]} {[%emt 00:01:02]} Qg6 {[%clk 00:04:08]} {[%emt 00:00:22]} 19. Bf1
{[%clk 00:01:26]} {[%emt 00:00:06]} f5 {[%clk 00:04:00]} {[%emt 00:00:13]} 20.
g3 {[%clk 00:01:13]} {[%emt 00:00:18]} Qh5 {[%clk 00:03:05]} {[%emt 00:00:59]}
21. gxf4 {[%clk 00:00:12]} {[%emt 00:01:06]} gxf4 {[%clk 00:03:09]} {[%emt
00:00:02]} 22. Bxf4 {[%clk 00:00:15]} {[%emt 00:00:02]} exf4 {[%clk 00:03:12]}
{[%emt 00:00:02]} 23. exf5 {[%clk 00:00:18]} {[%emt 00:00:02]} Bxf5 {[%clk
00:03:09]} {[%emt 00:00:08]} 24. Rc1 {[%clk 00:00:15]} {[%emt 00:00:08]} Nf7
{[%clk 00:03:05]} {[%emt 00:00:09]} 25. c4 {[%clk 00:00:19]} {[%emt 00:00:02]}
Ne5 {[%clk 00:02:45]} {[%emt 00:00:25]} 26. Ndf3 {[%clk 00:00:22]} {[%emt
00:00:02]} Ng4+ {[%clk 00:02:14]} {[%emt 00:00:36]} 27. Kg2 {[%clk 00:00:09]}
{[%emt 00:00:18]} Nf6 {[%clk 00:01:22]} {[%emt 00:00:57]} 28. Kh2 {[%clk
00:00:11]} {[%emt 00:00:03]} Ne4 {[%clk 00:01:06]} {[%emt 00:00:21]} 29. Qb2
{[%clk 00:00:10]} {[%emt 00:00:06]} Rf7 {[%clk 00:01:01]} {[%emt 00:00:10]} 30.
Qe2 {[%clk 00:00:10]} {[%emt 00:00:04]} Kh8 {[%clk 00:00:51]} {[%emt 00:00:15]}
31. Nd3 {[%clk 00:00:08]} {[%emt 00:00:08]} Re8 {[%clk 00:00:51]} {[%emt
00:00:05]} 32. Nxf4 {[%clk 00:00:08]} {[%emt 00:00:04]} Be5 {[%clk 00:00:27]}
{[%emt 00:00:29]} 33. Nxe5 {[%clk 00:00:10]} {[%emt 00:00:03]} Ng3 {[%emt
00:00:36]} 34. Qxh5 {[%emt 00:00:03]} Nxh5 {[%emt 00:00:04]} 35. Neg6+ {[%emt
00:00:05]} Kh7 {[%emt 00:00:01]} 36. Nh4 {[%emt 00:00:02]} Nxf4 {[%emt
00:00:05]} 37. Nxf5 {[%emt 00:00:06]} Rxf5 {[%emt 00:00:02]} 38. Bg2 {[%emt
00:00:06]} 1-0

[Event "Torneo de Navidad Base y Senior - Casino Primitivo"]
[Site "Calle Maestra 3 (Palacio de Cultura) - Jaén, Spain"]
[Date "2023.12.16"]
[Round "3.3"]
[White "Cobo Montejo, Miguel Angel"]
[Black "Sanchez Escabias, Manuel"]
[Result "1-0"]
[TimeControl "10´ + 5\""]
[WhiteFideId "2276100"]
[BlackFideId "54506018"]
[WhiteElo "2015"]
[BlackElo "1635"]

1. d4 {[%clk 00:10:07]} {[%emt 00:00:02]} d5 {[%clk 00:10:08]} {[%emt
00:00:03]} 2. c4 {[%clk 00:10:11]} {[%emt 00:00:01]} e6 {[%clk 00:10:12]}
{[%emt 00:00:01]} 3. Nc3 {[%clk 00:10:14]} {[%emt 00:00:01]} h6 {[%clk
00:10:16]} {[%emt 00:00:01]} 4. Nf3 {[%clk 00:10:08]} {[%emt 00:00:10]} Nf6
{[%clk 00:10:17]} {[%emt 00:00:04]} 5. Bf4 {[%clk 00:10:07]} {[%emt 00:00:06]}
Bd6 {[%clk 00:10:20]} {[%emt 00:00:02]} 6. Ne5 {[%clk 00:09:19]} {[%emt
00:00:53]} O-O {[%clk 00:09:28]} {[%emt 00:00:57]} 7. e3 {[%clk 00:09:18]}
{[%emt 00:00:06]} c5 {[%clk 00:09:15]} {[%emt 00:00:18]} 8. Bd3 {[%clk
00:08:48]} {[%emt 00:00:35]} dxc4 {[%clk 00:09:08]} {[%emt 00:00:12]} 9. Bxc4
{[%clk 00:08:50]} {[%emt 00:00:02]} cxd4 {[%clk 00:09:08]} {[%emt 00:00:06]} 10.
exd4 {[%clk 00:08:50]} {[%emt 00:00:06]} Qc7 {[%clk 00:07:59]} {[%emt
00:01:14]} 11. Bd3 {[%clk 00:08:04]} {[%emt 00:00:52]} Nc6 {[%clk 00:07:59]}
{[%emt 00:00:05]} 12. Nb5 {[%clk 00:07:34]} {[%emt 00:00:35]} Bb4+ {[%clk
00:07:42]} {[%emt 00:00:21]} 13. Bd2 {[%clk 00:07:23]} {[%emt 00:00:16]} Qa5
{[%clk 00:07:06]} {[%emt 00:00:41]} 14. Nxc6 {[%clk 00:06:16]} {[%emt
00:01:12]} bxc6 {[%clk 00:06:54]} {[%emt 00:00:16]} 15. Nc3 {[%clk 00:04:24]}
{[%emt 00:01:57]} Ba6 {[%clk 00:06:44]} {[%emt 00:00:16]} 16. Bxa6 {[%clk
00:04:15]} {[%emt 00:00:15]} Qxa6 {[%clk 00:06:47]} 17. Qe2 {[%clk 00:04:13]}
{[%emt 00:00:07]} Qxe2+ {[%clk 00:06:27]} {[%emt 00:00:25]} 18. Nxe2 {[%clk
00:04:02]} {[%emt 00:00:16]} Rab8 {[%clk 00:06:11]} {[%emt 00:00:21]} 19. b3
{[%clk 00:03:51]} {[%emt 00:00:16]} Rfd8 {[%clk 00:06:09]} {[%emt 00:00:07]} 20.
Rc1 {[%clk 00:03:45]} {[%emt 00:00:11]} Bxd2+ {[%clk 00:05:57]} {[%emt
00:00:17]} 21. Kxd2 {[%clk 00:03:49]} c5 {[%clk 00:05:48]} {[%emt 00:00:15]} 22.
f3 {[%clk 00:03:26]} {[%emt 00:00:28]} cxd4 {[%clk 00:05:48]} {[%emt 00:00:05]}
23. Rc7 {[%clk 00:03:19]} {[%emt 00:00:11]} a5 {[%clk 00:05:32]} {[%emt
00:00:21]} 24. Ra7 {[%clk 00:03:00]} {[%emt 00:00:23]} Ra8 {[%clk 00:05:04]}
{[%emt 00:00:33]} 25. Rxa8 {[%clk 00:03:04]} {[%emt 00:00:02]} Rxa8 {[%clk
00:05:08]} 26. Nxd4 {[%clk 00:03:01]} {[%emt 00:00:07]} Rd8 {[%clk 00:05:08]}
{[%emt 00:00:05]} 27. Kc3 {[%clk 00:02:51]} {[%emt 00:00:15]} Nd5+ {[%clk
00:05:11]} {[%emt 00:00:03]} 28. Kb2 {[%clk 00:02:42]} {[%emt 00:00:14]} Ne3
{[%clk 00:04:59]} {[%emt 00:00:16]} 29. Nc6 {[%clk 00:02:24]} {[%emt 00:00:24]}
Rd2+ {[%clk 00:04:56]} {[%emt 00:00:08]} 30. Ka3 {[%clk 00:02:27]} {[%emt
00:00:02]} a4 {[%clk 00:04:26]} {[%emt 00:00:35]} 31. bxa4 {[%clk 00:01:58]}
{[%emt 00:00:34]} Rxg2 {[%clk 00:03:51]} {[%emt 00:00:40]} 32. a5 {[%clk
00:01:54]} {[%emt 00:00:09]} Rc2 {[%clk 00:03:54]} {[%emt 00:00:01]} 33. Nd4
{[%clk 00:01:38]} {[%emt 00:00:21]} Rc8 {[%clk 00:03:52]} {[%emt 00:00:07]} 34.
Rb1 {[%clk 00:01:21]} {[%emt 00:00:23]} Ra8 {[%clk 00:03:22]} {[%emt 00:00:35]}
35. Ka4 {[%clk 00:01:07]} {[%emt 00:00:20]} Nc4 {[%clk 00:03:25]} {[%emt
00:00:02]} 36. Rb5 {[%clk 00:01:02]} {[%emt 00:00:10]} Kf8 {[%clk 00:03:07]}
{[%emt 00:00:23]} 37. Kb4 {[%clk 00:00:59]} {[%emt 00:00:08]} Nd6 {[%clk
00:03:06]} {[%emt 00:00:05]} 38. Rb6 {[%clk 00:00:59]} {[%emt 00:00:06]} Ke7
{[%clk 00:03:06]} {[%emt 00:00:05]} 39. Nc6+ {[%clk 00:01:00]} {[%emt
00:00:04]} Kd7 {[%clk 00:02:56]} {[%emt 00:00:15]} 40. Ne5+ {[%clk 00:01:03]}
{[%emt 00:00:02]} Kc7 {[%clk 00:02:46]} {[%emt 00:00:15]} 41. Rc6+ {[%emt
00:00:13]} Kd8 {[%clk 00:02:06]} {[%emt 00:00:34]} 42. Rxd6+ {[%clk 00:01:09]}
{[%emt 00:00:01]} Ke7 {[%clk 00:02:10]} 43. Rb6 {[%clk 00:01:12]} {[%emt
00:00:02]} f6 {[%clk 00:02:12]} {[%emt 00:00:03]} 44. Nc6+ {[%clk 00:01:11]}
{[%emt 00:00:05]} Kd7 {[%clk 00:01:59]} {[%emt 00:00:19]} 45. Kb5 {[%clk
00:01:15]} {[%emt 00:00:01]} e5 {[%clk 00:01:56]} {[%emt 00:00:08]} 46. a6
{[%clk 00:01:16]} {[%emt 00:00:04]} g6 {[%clk 00:01:27]} {[%emt 00:00:33]} 47.
Rb7+ {[%clk 00:01:16]} {[%emt 00:00:05]} Kc8 {[%clk 00:01:17]} {[%emt
00:00:16]} 48. Rg7 {[%clk 00:01:10]} {[%emt 00:00:11]} 1-0

[Event "Torneo de Navidad Base y Senior - Casino Primitivo"]
[Site "Calle Maestra 3 (Palacio de Cultura) - Jaén, Spain"]
[Date "2023.12.16"]
[Round "3.4"]
[White "Barruz Serrano, Antonio Angel"]
[Black "Cabecerans Cabecerans, Enrique"]
[Result "1-0"]
[TimeControl "10´ + 5\""]
[WhiteFideId "2287994"]
[BlackFideId "54514207"]
[WhiteElo "1895"]
[BlackElo "1553"]

1. Nf3 {[%clk 00:10:05]} {[%emt 00:00:03]} Nf6 {[%clk 00:10:04]} {[%emt
00:00:05]} 2. g3 {[%clk 00:10:08]} {[%emt 00:00:03]} c6 {[%clk 00:10:08]}
{[%emt 00:00:02]} 3. Bg2 {[%clk 00:10:11]} {[%emt 00:00:02]} d5 {[%clk
00:10:11]} {[%emt 00:00:02]} 4. O-O {[%clk 00:10:10]} {[%emt 00:00:06]} g6
{[%clk 00:10:07]} {[%emt 00:00:09]} 5. b3 {[%clk 00:09:46]} {[%emt 00:00:29]}
Bg7 {[%clk 00:10:11]} {[%emt 00:00:01]} 6. Bb2 {[%clk 00:09:50]} {[%emt
00:00:01]} O-O {[%clk 00:10:13]} {[%emt 00:00:02]} 7. c4 {[%clk 00:09:35]}
{[%emt 00:00:20]} Bf5 {[%clk 00:09:39]} {[%emt 00:00:39]} 8. d3 {[%clk
00:09:34]} {[%emt 00:00:06]} Qc8 {[%clk 00:09:27]} {[%emt 00:00:18]} 9. Nbd2
{[%clk 00:09:29]} {[%emt 00:00:09]} Bh3 {[%clk 00:09:30]} {[%emt 00:00:02]} 10.
Qc2 {[%clk 00:09:25]} {[%emt 00:00:09]} Bxg2 {[%clk 00:09:33]} {[%emt
00:00:03]} 11. Kxg2 {[%clk 00:09:28]} {[%emt 00:00:01]} Nbd7 {[%clk 00:09:16]}
{[%emt 00:00:23]} 12. Rac1 {[%clk 00:09:29]} {[%emt 00:00:03]} Re8 {[%clk
00:09:00]} {[%emt 00:00:21]} 13. Ne5 {[%clk 00:09:15]} {[%emt 00:00:19]} Nxe5
{[%clk 00:09:02]} {[%emt 00:00:03]} 14. Bxe5 {[%clk 00:09:18]} {[%emt
00:00:02]} Qe6 {[%clk 00:08:48]} {[%emt 00:00:19]} 15. Nf3 {[%clk 00:09:16]}
{[%emt 00:00:06]} h6 {[%clk 00:08:40]} {[%emt 00:00:14]} 16. Qb2 {[%clk
00:09:17]} {[%emt 00:00:04]} Qd7 {[%clk 00:07:55]} {[%emt 00:00:51]} 17. Rfd1
{[%clk 00:09:06]} {[%emt 00:00:16]} Rac8 {[%clk 00:07:47]} {[%emt 00:00:13]} 18.
Rd2 {[%clk 00:08:00]} {[%emt 00:01:11]} a6 {[%clk 00:07:51]} {[%emt 00:00:01]}
19. Rdc2 {[%clk 00:07:58]} {[%emt 00:00:06]} Red8 {[%clk 00:07:35]} {[%emt
00:00:21]} 20. Bd4 {[%clk 00:07:39]} {[%emt 00:00:24]} c5 {[%clk 00:07:16]}
{[%emt 00:00:24]} 21. Be5 {[%clk 00:07:35]} {[%emt 00:00:08]} d4 {[%clk
00:07:03]} {[%emt 00:00:19]} 22. b4 {[%clk 00:07:33]} {[%emt 00:00:07]} b6
{[%clk 00:07:07]} {[%emt 00:00:01]} 23. Qb3 {[%clk 00:07:18]} {[%emt 00:00:19]}
Ng4 {[%clk 00:06:15]} {[%emt 00:00:58]} 24. Bxg7 {[%clk 00:07:20]} {[%emt
00:00:03]} Kxg7 {[%clk 00:06:18]} {[%emt 00:00:02]} 25. Rb1 {[%clk 00:07:15]}
{[%emt 00:00:09]} Rb8 {[%clk 00:05:46]} {[%emt 00:00:38]} 26. Qa3 {[%clk
00:07:14]} {[%emt 00:00:07]} Qc8 {[%clk 00:05:37]} {[%emt 00:00:13]} 27. Rcb2
{[%clk 00:07:12]} {[%emt 00:00:06]} Qc7 {[%clk 00:05:25]} {[%emt 00:00:18]} 28.
Qxa6 {[%clk 00:06:40]} {[%emt 00:00:36]} Ra8 {[%clk 00:05:04]} {[%emt
00:00:26]} 29. Qb5 {[%clk 00:06:42]} {[%emt 00:00:03]} e5 {[%clk 00:04:44]}
{[%emt 00:00:25]} 30. h3 {[%clk 00:06:16]} {[%emt 00:00:31]} Nf6 {[%clk
00:04:37]} {[%emt 00:00:12]} 31. bxc5 {[%clk 00:05:37]} {[%emt 00:00:44]} bxc5
{[%clk 00:04:35]} {[%emt 00:00:07]} 32. Qb7 {[%clk 00:05:37]} {[%emt 00:00:05]}
Qxb7 {[%clk 00:04:27]} {[%emt 00:00:13]} 33. Rxb7 {[%clk 00:05:41]} {[%emt
00:00:02]} e4 {[%clk 00:04:31]} 34. Ne5 {[%clk 00:05:20]} {[%emt 00:00:25]} Rf8
{[%clk 00:04:30]} {[%emt 00:00:07]} 35. R1b2 {[%clk 00:05:19]} {[%emt
00:00:06]} Rae8 {[%clk 00:03:40]} {[%emt 00:00:55]} 36. Nc6 {[%clk 00:04:43]}
{[%emt 00:00:40]} exd3 {[%clk 00:03:25]} {[%emt 00:00:20]} 37. exd3 {[%clk
00:04:47]} {[%emt 00:00:02]} Ra8 {[%clk 00:03:29]} {[%emt 00:00:01]} 38. R7b5
{[%clk 00:04:38]} {[%emt 00:00:14]} Ra3 {[%clk 00:03:32]} {[%emt 00:00:02]} 39.
R5b3 {[%clk 00:04:36]} {[%emt 00:00:07]} Rfa8 {[%clk 00:03:32]} {[%emt
00:00:05]} 40. Ne5 {[%clk 00:04:27]} {[%emt 00:00:13]} Rxb3 {[%clk 00:03:06]}
{[%emt 00:00:32]} 41. Rxb3 {[%clk 00:03:29]} {[%emt 00:01:04]} Ra7 {[%clk
00:03:10]} 42. Rb2 {[%clk 00:03:25]} {[%emt 00:00:09]} Re7 {[%clk 00:03:05]}
{[%emt 00:00:10]} 43. Nf3 {[%clk 00:03:10]} {[%emt 00:00:19]} Ra7 {[%clk
00:03:05]} {[%emt 00:00:06]} 44. Rb5 {[%clk 00:03:10]} {[%emt 00:00:05]} Nd7
{[%clk 00:03:09]} {[%emt 00:00:01]} 45. Rb2 {[%clk 00:02:58]} {[%emt 00:00:17]}
f6 {[%clk 00:03:13]} {[%emt 00:00:01]} 46. Re2 {[%clk 00:02:56]} {[%emt
00:00:06]} Nb6 {[%clk 00:03:05]} {[%emt 00:00:13]} 47. Re6 {[%clk 00:02:56]}
{[%emt 00:00:04]} Na4 {[%clk 00:03:06]} {[%emt 00:00:05]} 48. Rc6 {[%clk
00:02:59]} {[%emt 00:00:02]} Ra5 {[%clk 00:02:59]} {[%emt 00:00:12]} 49. Nd2
{[%clk 00:03:02]} {[%emt 00:00:01]} Nc3 {[%clk 00:03:04]} {[%emt 00:00:01]} 50.
Nb3 {[%clk 00:02:42]} {[%emt 00:00:25]} Na4 {[%clk 00:02:36]} {[%emt 00:00:33]}
51. Rc7+ {[%clk 00:02:40]} {[%emt 00:00:07]} Kg8 {[%clk 00:02:38]} {[%emt
00:00:03]} 52. Kf3 {[%clk 00:02:41]} {[%emt 00:00:04]} f5 {[%clk 00:02:35]}
{[%emt 00:00:08]} 53. Kf4 {[%clk 00:02:40]} {[%emt 00:00:07]} Nc3 {[%emt
00:00:03]} 54. Rxc5 {[%clk 00:01:34]} {[%emt 00:01:09]} Rxa2 {[%clk 00:02:40]}
{[%emt 00:00:04]} 55. Ke5 {[%clk 00:01:30]} {[%emt 00:00:09]} Rxf2 {[%clk
00:02:28]} {[%emt 00:00:17]} 56. Kf6 {[%clk 00:01:25]} {[%emt 00:00:11]} Ne4+
{[%emt 00:01:07]} 57. dxe4 {[%clk 00:01:19]} {[%emt 00:00:03]} fxe4+ {[%clk
00:01:38]} 58. Kxg6 {[%clk 00:01:22]} {[%emt 00:00:03]} Kf8 {[%clk 00:01:43]}
{[%emt 00:00:01]} 59. Nxd4 {[%clk 00:01:22]} {[%emt 00:00:05]} Rd2 {[%clk
00:01:34]} {[%emt 00:00:14]} 60. Nf5 {[%clk 00:01:13]} {[%emt 00:00:14]} 1-0

[Event "Torneo de Navidad Base y Senior - Casino Primitivo"]
[Site "Calle Maestra 3 (Palacio de Cultura) - Jaén, Spain"]
[Date "2023.12.16"]
[Round "3.6"]
[White "Collado Moral, Adrian"]
[Black "Blanca Almagro, Miguel Angel"]
[Result "1-0"]
[TimeControl "10´ + 5\""]
[WhiteFideId "54799139"]
[BlackFideId "2245051"]
[WhiteElo "1363"]
[BlackElo "1776"]

1. d4 {[%clk 00:10:07]} {[%emt 00:00:03]} Nf6 {[%clk 00:10:07]} {[%emt
00:00:03]} 2. Nf3 {[%clk 00:10:09]} {[%emt 00:00:03]} e6 {[%clk 00:09:54]}
{[%emt 00:00:18]} 3. e3 {[%clk 00:10:12]} {[%emt 00:00:02]} b6 {[%clk
00:09:57]} {[%emt 00:00:03]} 4. Bd3 {[%clk 00:10:14]} {[%emt 00:00:02]} Bb7
{[%clk 00:10:01]} {[%emt 00:00:01]} 5. O-O {[%clk 00:10:16]} {[%emt 00:00:03]}
Be7 {[%clk 00:10:04]} {[%emt 00:00:02]} 6. Nbd2 {[%clk 00:10:10]} {[%emt
00:00:11]} d5 {[%clk 00:10:04]} {[%emt 00:00:06]} 7. Re1 {[%clk 00:10:11]}
{[%emt 00:00:03]} Nbd7 {[%clk 00:10:07]} {[%emt 00:00:02]} 8. c3 {[%clk
00:10:10]} {[%emt 00:00:06]} Ne4 {[%clk 00:10:08]} {[%emt 00:00:04]} 9. Qc2
{[%clk 00:09:54]} {[%emt 00:00:21]} Ndf6 {[%clk 00:10:06]} {[%emt 00:00:07]} 10.
b3 {[%clk 00:09:43]} {[%emt 00:00:16]} O-O {[%clk 00:10:08]} {[%emt 00:00:04]}
11. Bb2 {[%clk 00:09:45]} {[%emt 00:00:03]} c5 {[%clk 00:10:10]} {[%emt
00:00:02]} 12. c4 {[%clk 00:09:34]} {[%emt 00:00:17]} cxd4 {[%clk 00:10:09]}
{[%emt 00:00:06]} 13. exd4 {[%clk 00:08:40]} {[%emt 00:00:59]} Rc8 {[%clk
00:10:10]} {[%emt 00:00:04]} 14. Rac1 {[%clk 00:07:37]} {[%emt 00:01:07]} Bb4
{[%clk 00:10:03]} {[%emt 00:00:12]} 15. a3 {[%clk 00:07:10]} {[%emt 00:00:32]}
Bd6 {[%clk 00:09:14]} {[%emt 00:00:54]} 16. Qd1 {[%clk 00:06:38]} {[%emt
00:00:37]} Bf4 {[%clk 00:09:12]} {[%emt 00:00:07]} 17. Qe2 {[%clk 00:05:50]}
{[%emt 00:00:53]} Nxd2 {[%clk 00:08:55]} {[%emt 00:00:22]} 18. Nxd2 {[%clk
00:05:50]} {[%emt 00:00:04]} Qd6 {[%clk 00:08:49]} {[%emt 00:00:11]} 19. h3
{[%clk 00:05:16]} {[%emt 00:00:38]} Rfd8 {[%clk 00:08:06]} {[%emt 00:00:49]} 20.
Rc2 {[%clk 00:04:42]} {[%emt 00:00:40]} a5 {[%clk 00:05:42]} {[%emt 00:02:30]}
21. Nf3 {[%clk 00:04:19]} {[%emt 00:00:27]} Ne4 {[%clk 00:05:27]} {[%emt
00:00:20]} 22. Bxe4 {[%clk 00:03:26]} {[%emt 00:00:59]} dxe4 {[%clk 00:05:27]}
{[%emt 00:00:05]} 23. Nd2 {[%clk 00:03:12]} {[%emt 00:00:19]} f5 {[%clk
00:05:09]} {[%emt 00:00:23]} 24. Nf1 {[%clk 00:03:03]} {[%emt 00:00:14]} Ba6
{[%clk 00:04:04]} {[%emt 00:01:11]} 25. Ne3 {[%clk 00:03:00]} {[%emt 00:00:08]}
Qd7 {[%clk 00:03:35]} {[%emt 00:00:35]} 26. Qd2 {[%clk 00:02:34]} {[%emt
00:00:30]} Bb8 {[%clk 00:03:34]} {[%emt 00:00:06]} 27. Rd1 {[%clk 00:02:23]}
{[%emt 00:00:16]} Qd6 {[%clk 00:03:37]} {[%emt 00:00:02]} 28. g3 {[%clk
00:02:07]} {[%emt 00:00:20]} Rf8 {[%clk 00:03:36]} {[%emt 00:00:06]} 29. Ng2
{[%clk 00:02:10]} {[%emt 00:00:02]} a4 {[%clk 00:03:36]} {[%emt 00:00:06]} 30.
Qe3 {[%clk 00:01:48]} {[%emt 00:00:26]} axb3 {[%clk 00:03:29]} {[%emt
00:00:12]} 31. Qxb3 {[%clk 00:01:52]} {[%emt 00:00:02]} f4 {[%clk 00:02:53]}
{[%emt 00:00:41]} 32. Nxf4 {[%clk 00:01:39]} {[%emt 00:00:18]} Rxf4 {[%clk
00:02:55]} {[%emt 00:00:02]} 33. gxf4 {[%clk 00:01:43]} {[%emt 00:00:02]} Qxf4
{[%clk 00:02:59]} {[%emt 00:00:01]} 34. Qg3 {[%clk 00:01:44]} {[%emt 00:00:03]}
Qf5 {[%clk 00:02:43]} {[%emt 00:00:21]} 35. Qg4 {[%clk 00:01:31]} {[%emt
00:00:17]} Qf7 {[%clk 00:02:46]} {[%emt 00:00:02]} 36. Rdc1 {[%clk 00:01:35]}
{[%emt 00:00:02]} Rf8 {[%clk 00:02:37]} {[%emt 00:00:14]} 37. c5 {[%clk
00:01:33]} {[%emt 00:00:06]} Bd3 {[%clk 00:02:32]} {[%emt 00:00:10]} 38. Qg2
{[%clk 00:01:12]} {[%emt 00:00:26]} Bxc2 {[%clk 00:02:15]} {[%emt 00:00:23]} 39.
Rxc2 {[%clk 00:01:16]} {[%emt 00:00:01]} Qc7 {[%clk 00:02:06]} {[%emt
00:00:13]} 40. Qxe4 {[%clk 00:01:07]} {[%emt 00:00:14]} Qh2+ {[%clk 00:02:09]}
{[%emt 00:00:02]} 41. Kf1 {[%clk 00:01:11]} {[%emt 00:00:01]} Qxh3+ {[%clk
00:02:11]} {[%emt 00:00:03]} 42. Ke1 {[%clk 00:01:07]} {[%emt 00:00:09]} Bc7
{[%clk 00:01:12]} {[%emt 00:01:04]} 43. c6 {[%clk 00:01:03]} {[%emt 00:00:08]}
b5 {[%clk 00:01:15]} {[%emt 00:00:03]} 44. d5 {[%clk 00:01:02]} {[%emt
00:00:06]} Ba5+ {[%clk 00:01:18]} {[%emt 00:00:02]} 45. Ke2 {[%clk 00:00:52]}
{[%emt 00:00:15]} exd5 {[%clk 00:01:14]} {[%emt 00:00:10]} 46. Qxd5+ {[%clk
00:00:51]} {[%emt 00:00:06]} Kh8 {[%clk 00:01:17]} {[%emt 00:00:01]} 47. Qe5
{[%clk 00:00:50]} {[%emt 00:00:05]} Qg4+ {[%clk 00:01:05]} {[%emt 00:00:18]} 48.
Kf1 {[%clk 00:00:49]} {[%emt 00:00:07]} h5 {[%clk 00:01:01]} {[%emt 00:00:10]}
49. Qd4 {[%clk 00:00:39]} {[%emt 00:00:15]} Qh3+ {[%clk 00:00:43]} {[%emt
00:00:23]} 50. Ke2 {[%clk 00:00:40]} {[%emt 00:00:04]} Re8+ {[%clk 00:00:46]}
{[%emt 00:00:01]} 51. Kd1 {[%emt 00:00:37]} Qh1# {[%emt 00:00:08]} 1-0